00860nam a2200241Ia 4500003000400000005001700004008004100021020001500062040001800077041000800095082001900103100002900122245007100151250001200222260003400234300002800268650005500296650004500351650004100396942003100437999001900468952013100487OSt20251011104608.0210716s2001 xx 000 0 und d a8181280520 cAIMIT LIBRARY aeng a005.756 bWHIM aWhitehorn, Mark.9241698 aInside relational databases /cBy Mark Whitehorn and Bill Marklyn. a1st ed. aNew Delhi :bSpringer,c2001. axii,345 p.;bPBc25 cm. aSerious problems with single user database9241699 aRelatuionships in the real world9241700 aMore complex database design9241701 2ddccBKe2ndk005.756 WHIM c188559d188559 001040708MCAaAIMITbAIMITeKnowledge Worldg395.00l0o005.756 WHIMpMCA08067r2026-05-23 00:00:00v316.00w2021-07-16yBK